Alger - Choix multiples - Statistiques

Statistiques générales
  • Ce quiz a été pris 1 652 fois
    1 623 depuis la dernière actualisation
  • Le résultat moyen est 6 sur 10
Statistiques - réponses
Question Réponse % Correct
Lequel de ces auteurs est né à Alger et y situe son Etranger ? Albert Camus
93%
De quoi trouve-t-on le troisième plus grand exemplaire au monde à Alger ? Une mosquée
89%
Comment surnomme-t-on parfois Alger, du fait de la couleur de ses façades ? La Blanche
81%
Quelle phrase Charles de Gaulle prononça à Alger en 1958 ? Je vous ai compris !
74%
De quoi Alger fut-elle la capitale ? De la France Libre
62%
Lequel de ces monuments est le Mémorial du Martyr d'Alger ?
59%
A qui doit-on les Femmes d'Alger dans leur appartement, peintes en 1833 ?
4c8992b599-450.webp
Eugène Delacroix
57%
Quel président algérien donne son nom à l'aéroport de la ville ? Houari Boumédiène
50%
Que le dey d'Alger aurait-il fait "subir" au consul de France le 30 avril 1827, servant en partie de prétexte à Charles X pour l'invasion de l'Algérie ? Un coup d'éventail soufflettant
32%
Quel est le pays le plus proche d'Alger ? Espagne
27%
Aucun quiz correspondant
Distribution des résultats
% des personnes avec chaque résultat
Percentile par nombre de réponses
Votre historique - résultats
Vous n’avez pas pris ce quiz depuis la dernière actualisation